PAASIS : pressupost ordinari de despeses i ingressos per l'any 1980 pressupost ordinari de despeses i ingressos per l'any 1980
Descripción Física:
30 cm
MARC
| LEADER | 00000nam a2200000Ia 4500 | ||
|---|---|---|---|
| 001 | 23580 | ||
| 008 | 160829s1980 xx 000 0 cat d | ||
| 080 | |a FU-60-20 | ||
| 245 | |a PAASIS : |b pressupost ordinari de despeses i ingressos per l'any 1980 | ||
| 260 | |a Barcelona : |b Diputació de Barcelona, |c 1980 | ||
| 300 | |a 30 cm | ||
| 610 | 1 | 0 | |a Barcelona (Catalunya : Província). |b Diputació |x Assignacions pressupostàries i despeses |9 53789 |
| 710 | 1 | |a Barcelona (Catalunya : Província). |b Diputació |9 52408 | |
| 710 | 1 | |a Barcelona (Catalunya : Província). |b Patronat d'Assistència Mèdico-Farmacèutica |9 56102 | |
| 901 | |a Arxiu | ||
| 942 | |n 1 |2 udc | ||
| 952 | |0 0 |1 0 |4 0 |6 FU6020 |7 1 |9 54213 |a Arxiu |b Arxiu |d 2012-08-13 |l 0 |o FU-60-20 |p 23580 |r 2016-12-01 00:00:00 |w 2016-12-01 |y ARXIU | ||
| 999 | |c 58082 |d 58082 | ||